[Event "tm FRA 1st"]
[Site "France"]
[Date "1999.??.??"]
[Round "10"]
[White "Gervais, Claire"]
[Black "Assad, Karine"]
[Result "1-0"]
[WhiteElo "2201"]
[BlackElo "1850"]
[Annotator "Gonfreville-Noyon"]
[PlyCount "101"]
[EventDate "1999.??.??"]

1. d4 Nf6 2. c4 e6 3. Nc3 Bb4 4. Qc2 O-O 5. Nf3 c5 6. dxc5 Na6 7. a3 Bxc3+ 8.
Qxc3 Nxc5 9. b4 Nce4 10. Qd4 b6 11. Ng5 d5 12. cxd5 Qxd5 13. Qxd5 exd5 14. Nh3
Ba6 15. Bb2 Rac8 16. f3 Nc3 17. e3 Bxf1 18. Rxf1 Rfe8 19. Kd2 d4 20. e4 Rc4 21.
Bxc3 Rxc3 22. Rfc1 Rb3 23. Nf4 Nd7 24. Nd3 f5 25. Nf2 Ne5 26. Ra2 Ng6 27. Rc4
Nf4 28. Rxd4 Nxg2 29. Nd3 fxe4 30. fxe4 Rc8 31. e5 a5 32. e6 Re8 33. Rd6 Nh4
34. bxa5 bxa5 35. a4 Nf3+ 36. Kd1 Ng5 37. Nc5 Re3 38. Re2 Ra3 39. Red2 Rc3 40.
Rd8 Kf8 41. e7+ Kf7 42. R2d5 Rxe7 43. Rxg5 Ra3 44. Rd2 Ra1+ 45. Kc2 Ra2+ 46.
Kd3 Rxd2+ 47. Kxd2 Kf6 48. Rd5 g5 49. Kd3 h6 50. Ne4+ Kg7 51. Rxa5 1-0

[Event "tm FRA 1st"]
[Site "France"]
[Date "1999.??.??"]
[Round "10"]
[White "David, Alberto"]
[Black "Summerscale, Aaron"]
[Result "1/2-1/2"]
[WhiteElo "2533"]
[BlackElo "2440"]
[Annotator "Chess XV-Avignon"]
[PlyCount "38"]
[EventDate "1999.??.??"]

1. e4 d6 2. Nc3 Nf6 3. f4 c6 4. Nf3 Bg4 5. h3 Bxf3 6. Qxf3 e6 7. d4 d5 8. e5
Nfd7 9. Be3 c5 10. O-O-O cxd4 11. Bxd4 Nc6 12. Bf2 a6 13. Nxd5 exd5 14. Qxd5
Qc7 15. Bc4 O-O-O 16. Qxf7 Nb6 17. Qe6+ Kb8 18. Rxd8+ Qxd8 19. Rd1 Qc7 1/2-1/2

[Event "tm FRA 1st"]
[Site "France"]
[Date "1999.??.??"]
[Round "10"]
[White "Gachon, Lionel"]
[Black "Heinis, Vincent"]
[Result "1-0"]
[WhiteElo "2285"]
[BlackElo "2266"]
[Annotator "Avignon-Chess XV"]
[PlyCount "47"]
[EventDate "1999.??.??"]

1. e4 c6 2. d4 d5 3. e5 Bf5 4. Nf3 e6 5. Be2 Ne7 6. O-O Nd7 7. Nh4 Qb6 8. c3 c5
9. Nxf5 Nxf5 10. Bg4 Ne7 11. Na3 Nc6 12. Nc2 Be7 13. Rb1 cxd4 14. cxd4 Rc8 15.
Be3 Nb4 16. Nxb4 Bxb4 17. a3 Be7 18. Qa4 a6 19. Be2 Qd8 20. Rbc1 Rxc1 21. Rxc1
O-O 22. Qc2 Nb8 23. Qc7 b5 24. Qb7 1-0

[Event "tm FRA 1st"]
[Site "France"]
[Date "1999.??.??"]
[Round "10"]
[White "Schabanel, Stephane"]
[Black "Verdier, Patrice"]
[Result "1-0"]
[WhiteElo "2217"]
[BlackElo "2276"]
[Annotator "Chess XV-Avignon"]
[PlyCount "107"]
[EventDate "1999.??.??"]

1. e4 c5 2. Nc3 Nc6 3. f4 g6 4. Nf3 Bg7 5. Bb5 Nd4 6. a4 Nxb5 7. axb5 b6 8. O-O
Bb7 9. d3 d6 10. Qe1 Qd7 11. Bd2 Nf6 12. h3 h6 13. Qh4 Kd8 14. Rae1 g5 15. fxg5
hxg5 16. Qxg5 Bh6 17. Qg3 Kc7 18. Bxh6 Rxh6 19. Qf4 Rah8 20. e5 dxe5 21. Qxe5+
Kd8 22. Qb8+ Qc8 23. Qxc8+ Bxc8 24. Ra1 Rg8 25. Kf2 Nh5 26. Ne2 Re6 27. Rg1 Bb7
28. Rxa7 Kc8 29. Ra4 Rf6 30. Rh4 Ng7 31. Rf4 Rxf4 32. Nxf4 Nf5 33. g4 Nd6 34.
c4 Kc7 35. h4 f6 36. g5 fxg5 37. Nxg5 Kd7 38. h5 Rf8 39. Nge6 Rh8 40. Rg5 Rh6
41. Rg8 Ne8 42. Kg3 Bc8 43. Kh4 Kd6 44. Rxe8 Bxe6 45. Kg5 Rf6 46. Nxe6 Kxe6 47.
h6 Rf5+ 48. Kg4 Rf7 49. Rb8 Ke5 50. Rxb6 Kd4 51. Re6 Kxd3 52. b6 Kxc4 53. b7
Rf8 54. Rb6 1-0

[Event "tm FRA 1st"]
[Site "France"]
[Date "1999.??.??"]
[Round "10"]
[White "Bouton, Christophe"]
[Black "Salus, Stephane"]
[Result "1/2-1/2"]
[WhiteElo "2238"]
[BlackElo "2237"]
[Annotator "Chess XV-Avignon"]
[PlyCount "102"]
[EventDate "1999.??.??"]

1. g3 g6 2. Bg2 Bg7 3. d4 c5 4. c3 cxd4 5. cxd4 d5 6. Nc3 e6 7. e3 Nc6 8. Nge2
Nge7 9. O-O O-O 10. b3 a6 11. Bb2 Nf5 12. Nf4 Bd7 13. Qd2 Qa5 14. Nd3 Rfb8 15.
Rfd1 Be8 16. Bf1 Bf8 17. Na4 Qd8 18. Rac1 Na7 19. Nac5 Nb5 20. Ne5 Nbd6 21. a4
h5 22. Qe1 Bh6 23. Bg2 Rc8 24. Ba3 Bf8 25. Bb2 b6 26. Ncd3 f6 27. Nf3 Ne4 28.
Nd2 Nfd6 29. Nf4 Bf7 30. Bh3 f5 31. Nxe4 Nxe4 32. Bf1 a5 33. Nd3 h4 34. Bg2
hxg3 35. hxg3 Qg5 36. Rxc8 Rxc8 37. Rc1 Re8 38. Rc6 Qd8 39. Qc1 Bd6 40. Bxe4
fxe4 41. Ne5 Bxe5 42. dxe5 Kg7 43. Ba3 Qg5 44. Rc8 Qh5 45. Rxe8 Bxe8 46. Bd6 g5
47. Be7 Kg6 48. Bd8 b5 49. axb5 Bxb5 50. Qc8 Kf5 51. Bxa5 Qd1+ 1/2-1/2

[Event "tm FRA 1st"]
[Site "France"]
[Date "1999.??.??"]
[Round "10"]
[White "Cursoux, Laurent"]
[Black "Lohou, Stephane"]
[Result "1-0"]
[WhiteElo "2230"]
[BlackElo "2179"]
[Annotator "Avignon-Chess XV"]
[PlyCount "119"]
[EventDate "1999.??.??"]

1. e4 c6 2. d4 d5 3. f3 g6 4. Nc3 Bg7 5. Be3 Nf6 6. e5 Ng8 7. Qd2 h5 8. h3 Bf5
9. Bd3 e6 10. Bxf5 exf5 11. O-O-O Na6 12. Nge2 h4 13. Bg5 Qxg5 14. Qxg5 Bh6 15.
f4 Bxg5 16. fxg5 Nc7 17. Nf4 Ne6 18. Nxe6 fxe6 19. Ne2 Kf7 20. Ng1 Ne7 21. Nf3
b6 22. c3 c5 23. b3 Rac8 24. Kb2 Rc7 25. Rd2 Nc6 26. Rc1 Na5 27. Rf1 Rh5 28.
Re1 Nc6 29. Ree2 cxd4 30. cxd4 Ke7 31. a3 Nd8 32. Rc2 Kd7 33. Rxc7+ Kxc7 34.
Rc2+ Kb7 35. b4 a6 36. a4 Nf7 37. b5 axb5 38. axb5 Nxg5 39. Rc6 Nxf3 40. gxf3
g5 41. Rxe6 g4 42. fxg4 fxg4 43. Rc6 g3 44. Rg6 Rf5 45. Rg4 Rf2+ 46. Kc3 g2 47.
Kb4 Kc7 48. Rg7+ Kd8 49. Rg8+ Ke7 50. Rg7+ Ke6 51. Rg5 Re2 52. Ka4 Rb2 53. Ka3
Rd2 54. Kb4 Rxd4+ 55. Kc3 Rc4+ 56. Kb3 Rf4 57. Rxg2 Rf3+ 58. Kb4 Kxe5 59. Rg6
Rf6 60. Rg5+ 1-0

[Event "tm FRA 1st"]
[Site "France"]
[Date "1999.??.??"]
[Round "10"]
[White "Bernard, Jacques"]
[Black "Duquesnoy, Jean-Philippe"]
[Result "1-0"]
[WhiteElo "2199"]
[BlackElo "2166"]
[Annotator "Chess XV-Avignon"]
[PlyCount "59"]
[EventDate "1999.??.??"]

1. e4 c5 2. Nf3 e6 3. d4 cxd4 4. Nxd4 Nc6 5. Nb5 d6 6. Bf4 e5 7. Be3 a6 8. N5c3
Be6 9. Be2 Nf6 10. Bg5 Be7 11. Bxf6 Bxf6 12. Nd5 Bg5 13. O-O O-O 14. a4 Rc8 15.
Na3 Ne7 16. Bc4 Ng6 17. c3 Kh8 18. Qb3 Bh6 19. Qxb7 Qg5 20. Ne3 Rb8 21. Qxa6
Bc8 22. Qxd6 Rxb2 23. Rab1 Rxb1 24. Rxb1 Rd8 25. Qc7 Nf4 26. Qxf7 g6 27. Rb8
Qxg2+ 28. Nxg2 Rd1+ 29. Ne1 Rxe1+ 30. Bf1 1-0

[Event "tm FRA 1st"]
[Site "France"]
[Date "1999.??.??"]
[Round "10"]
[White "Blachier, Pierre"]
[Black "Borzakian, Manouk"]
[Result "1/2-1/2"]
[WhiteElo "2135"]
[BlackElo "2059"]
[Annotator "Avignon-Chess XV"]
[PlyCount "92"]
[EventDate "1999.??.??"]

1. e4 g6 2. d4 Bg7 3. c4 d6 4. Nc3 Nc6 5. Be3 e5 6. Nge2 f5 7. f3 Nf6 8. d5 Ne7
9. h3 O-O 10. Qd2 a6 11. g4 fxg4 12. fxg4 Bd7 13. Ng3 Qb8 14. Bd3 c5 15. O-O b5
16. b3 bxc4 17. Bxc4 Nc8 18. Bh6 Nb6 19. Bxg7 Kxg7 20. Bd3 Qd8 21. Rf2 Ng8 22.
Rxf8 Qxf8 23. Rf1 Qe7 24. Qf2 Nh6 25. Kg2 Bc8 26. Nd1 Bb7 27. Ne3 Rf8 28. Qxf8+
Qxf8 29. Rxf8 Kxf8 30. Ngf1 Ke7 31. Nd2 Nf7 32. h4 h6 33. a4 g5 34. Nf5+ Kd7
35. hxg5 hxg5 36. a5 Nc8 37. Nf3 Ne7 38. Bc4 Ng6 39. Ng7 Nf4+ 40. Kg3 Ke7 41.
Nf5+ Kf6 42. Nd2 Ng6 43. Nf1 Ne7 44. N1e3 Nc8 45. Kf2 Nd8 46. Ke2 Nf7 1/2-1/2

[Event "tm FRA 1st"]
[Site "France"]
[Date "1999.??.??"]
[Round "10"]
[White "Bonvalot, Isabelle"]
[Black "Piquemal, Christiane"]
[Result "0-1"]
[WhiteElo "2000"]
[BlackElo "2050"]
[Annotator "Chess XV-Avignon"]
[PlyCount "103"]
[EventDate "1999.??.??"]

1. e4 c5 2. c3 b6 3. d4 Bb7 4. d5 d6 5. Bd3 Qc7 6. Qe2 Nd7 7. f4 g6 8. Nf3 Bg7
9. a4 Ngf6 10. Na3 O-O 11. O-O e6 12. dxe6 fxe6 13. Nb5 Qb8 14. f5 exf5 15. Bf4
Ne5 16. Bc4+ Nxc4 17. Qxc4+ d5 18. Bxb8 dxc4 19. Bd6 Rfd8 20. e5 Ne4 21. Nc7
Rac8 22. Ne6 Rd7 23. Nxg7 Kxg7 24. Rfd1 Rcd8 25. a5 Nxd6 26. Ng5 Kg8 27. axb6
axb6 28. e6 Re7 29. Nf7 Rxf7 30. exf7+ Nxf7 31. Re1 Rd2 32. Re8+ Kg7 33. Ra7
Bxg2 34. Ree7 Bd5 35. Rad7 Rd3 36. Kf1 Kf6 37. Ra7 h6 38. Red7 g5 39. Ra6 Bg2+
40. Kxg2 Rxd7 41. Rxb6+ Ke5 42. Rc6 Rd5 43. h4 Nd6 44. h5 f4 45. Kf3 Rd3+ 46.
Ke2 Kd5 47. Rc7 Rh3 48. Rh7 Rxh5 49. Kf3 Rh3+ 50. Kg2 g4 51. Rg7 Nf5 52. Rf7
0-1

[Event "tm FRA 1st"]
[Site "France"]
[Date "1999.??.??"]
[Round "10"]
[White "Szabolcsi, Janos"]
[Black "Elbilia, Jacques"]
[Result "1/2-1/2"]
[WhiteElo "2448"]
[BlackElo "2360"]
[Annotator "Strasbourg-Paris CAISSA"]
[PlyCount "77"]
[EventDate "1999.??.??"]

1. d4 e6 2. Nf3 f5 3. g3 Nf6 4. Bg2 d5 5. O-O Bd6 6. c4 c6 7. Qc2 O-O 8. Ne5 b6
9. cxd5 cxd5 10. Bf4 Bb7 11. Nd2 Bxe5 12. Bxe5 Nc6 13. Nf3 Rc8 14. Qa4 Qd7 15.
Bf4 h6 16. Qa3 g5 17. Ne5 Qe7 18. Qxe7 Nxe7 19. Bd2 Nc6 20. Nxc6 Rxc6 21. Rfc1
Rfc8 22. Rxc6 Rxc6 23. Rc1 Ne4 24. Rxc6 Bxc6 25. Bb4 Kf7 26. f3 Nf6 27. Kf2 Nd7
28. e3 Bb5 29. Bf1 Bxf1 30. Kxf1 g4 31. Ke2 h5 32. Bd6 Nf6 33. Bb8 a6 34. Bc7
b5 35. Bd8 Nd7 36. fxg4 hxg4 37. Kd3 Nb8 38. Bc7 Nc6 39. Bd6 1/2-1/2

[Event "tm FRA 1st"]
[Site "France"]
[Date "1999.??.??"]
[Round "10"]
[White "Spiridonov, Nikola"]
[Black "Kallai, Gabor"]
[Result "1-0"]
[WhiteElo "2398"]
[BlackElo "2525"]
[Annotator "Paris CAISSA-Strasbourg"]
[PlyCount "61"]
[EventDate "1999.??.??"]

1. Nf3 d5 2. c4 c6 3. e3 Nf6 4. b3 Bg4 5. Ba3 Nbd7 6. Be2 e6 7. Bxf8 Nxf8 8.
O-O N8d7 9. Nc3 O-O 10. d4 Qe7 11. cxd5 exd5 12. Ne1 Bxe2 13. Nxe2 Rfe8 14. Nf4
a5 15. a4 Qd6 16. Nf3 Ne4 17. Nd3 h6 18. Qc2 b6 19. Rfd1 Rac8 20. Qb2 Rc7 21.
h3 f6 22. Rac1 g5 23. b4 axb4 24. Nxb4 h5 25. Qb3 g4 26. hxg4 hxg4 27. Nd2 Kg7
28. Nxe4 Rxe4 29. g3 Nf8 30. Qc3 Ng6 31. Na6 1-0

[Event "tm FRA 1st"]
[Site "France"]
[Date "1999.??.??"]
[Round "10"]
[White "Roos, Daniel"]
[Black "De Sousa, Jose-Claude"]
[Result "1-0"]
[WhiteElo "2425"]
[BlackElo "2275"]
[Annotator "Strasbourg-Paris CAISSA"]
[PlyCount "69"]
[EventDate "1999.??.??"]

1. g3 d5 2. Bg2 c5 3. Nf3 Nc6 4. d4 Bg4 5. Ne5 Bf5 6. Nxc6 bxc6 7. c4 e6 8. Qa4
Qd7 9. dxc5 Bxc5 10. O-O Nf6 11. Nc3 Rb8 12. a3 O-O 13. Rd1 Ng4 14. e3 Qe7 15.
b4 Qf6 16. bxc5 Nxf2 17. Bd2 Rb2 18. cxd5 Bc2 19. Qf4 Qxf4 20. gxf4 Bxd1 21.
Nxd1 Rxd2 22. Nxf2 exd5 23. e4 Rb8 24. exd5 cxd5 25. c6 Rbb2 26. c7 Rdc2 27.
Nd3 Rb7 28. Nb4 Rcxc7 29. Nxd5 Rd7 30. Rc1 Rb8 31. Rc5 h6 32. a4 Rb1+ 33. Kf2
Rb2+ 34. Kg3 h5 35. Rc8+ 1-0

[Event "tm FRA 1st"]
[Site "France"]
[Date "1999.??.??"]
[Round "10"]
[White "Fontaine, Robert"]
[Black "Roos, Louis"]
[Result "1-0"]
[WhiteElo "2369"]
[BlackElo "2388"]
[Annotator "Paris CAISSA-Strasbourg"]
[PlyCount "67"]
[EventDate "1999.??.??"]

1. e4 e6 2. d4 d5 3. Nc3 Bb4 4. e5 b6 5. a3 Bxc3+ 6. bxc3 Qd7 7. Qg4 f5 8. Qg3
Ba6 9. Bd3 Bxd3 10. cxd3 Nc6 11. Ne2 O-O-O 12. O-O h6 13. h4 Qf7 14. Nf4 g5 15.
hxg5 hxg5 16. Qxg5 Nge7 17. f3 Rdg8 18. Qf6 Qh7 19. Kf2 Rf8 20. Qxe6+ Kb7 21.
Bd2 Qh4+ 22. Ke2 Rfg8 23. Rh1 Qg3 24. Rxh8 Rxh8 25. Rg1 Qh2 26. Kf1 Qh7 27. Be3
Rc8 28. Qf6 Rg8 29. c4 Rd8 30. Ne6 f4 31. Nxd8+ Nxd8 32. Qxf4 Qxd3+ 33. Kf2
dxc4 34. Qe4+ 1-0

[Event "tm FRA 1st"]
[Site "France"]
[Date "1999.??.??"]
[Round "10"]
[White "Harovelo, Ingmar"]
[Black "Lecuyer, Christian"]
[Result "1/2-1/2"]
[WhiteElo "2295"]
[BlackElo "2265"]
[Annotator "Strasbourg-Paris CAISSA"]
[PlyCount "86"]
[EventDate "1999.??.??"]

1. Nf3 c5 2. e3 Nf6 3. d4 g6 4. c3 cxd4 5. exd4 Bg7 6. Bd3 d6 7. O-O O-O 8.
Nbd2 Nc6 9. Re1 Rb8 10. Qe2 Re8 11. Ne4 Nxe4 12. Bxe4 d5 13. Bc2 Bg4 14. h3
Bxf3 15. Qxf3 e5 16. dxe5 Nxe5 17. Qd1 Qb6 18. Bb3 Nc4 19. Bf4 Rxe1+ 20. Qxe1
Rd8 21. Rd1 Qc6 22. Qe2 b5 23. Qe7 Bf6 24. Qc7 Qxc7 25. Bxc7 Rd7 26. Bxc4 bxc4
27. Bf4 Kf8 28. Be3 Ke7 29. Bc5+ Kd8 30. Bd4 Bxd4 31. Rxd4 Kc7 32. b3 cxb3 33.
axb3 Kc6 34. Kf1 Re7 35. Ra4 h5 36. g3 Rb7 37. Ra3 Re7 38. Kg2 Kc5 39. Ra5+ Kc6
40. Kf3 Rb7 41. Ra3 a5 42. Ke3 Rb5 43. Kd4 Kd6 1/2-1/2

[Event "tm FRA 1st"]
[Site "France"]
[Date "1999.??.??"]
[Round "10"]
[White "Maze, Sebastien"]
[Black "Maier, Christian"]
[Result "1/2-1/2"]
[WhiteElo "2179"]
[BlackElo "2353"]
[Annotator "Paris CAISSA-Strasbourg"]
[PlyCount "162"]
[EventDate "1999.??.??"]

1. e4 e6 2. Qe2 c5 3. Nf3 Nc6 4. g3 d6 5. d3 g6 6. Bg2 Bg7 7. O-O Nge7 8. Re1
O-O 9. c3 h6 10. Nbd2 Rb8 11. Nb3 e5 12. Be3 a5 13. Qd2 a4 14. Nc1 Kh7 15. d4
exd4 16. cxd4 Bg4 17. Ne2 d5 18. exd5 Nxd5 19. dxc5 Nxe3 20. Qxe3 Bxb2 21. Rad1
Qf6 22. Rd6 Qf5 23. Nh4 Qg5 24. f4 Rbe8 25. Qf2 Qe7 26. Bf3 Bxf3 27. Nxf3 Qe3
28. Qxe3 Rxe3 29. Kf2 Ra3 30. Rd2 Rxa2 31. Nc3 Bxc3 32. Rxa2 Bxe1+ 33. Kxe1 Ra8
34. Kd2 Ra5 35. Ra3 Kg7 36. Kd3 Nb4+ 37. Kc4 Na6 38. c6 Rc5+ 39. Kd4 b5 40. Rc3
Rxc3 41. Kxc3 Kf6 42. Nd4 b4+ 43. Kc4 b3 44. Nb5 Ke6 45. Na3 Kd6 46. Kb5 Nc7+
47. Kxa4 b2 48. Kb3 Kxc6 49. Kxb2 Kd5 50. Kc2 Ke4 51. Nc4 f6 52. Nd6+ Kf3 53.
Kd2 Kg2 54. f5 g5 55. g4 Kxh2 56. Nf7 Kg3 57. Nxh6 Nd5 58. Kd3 Kf4 59. Kd4 Ne3
60. Ng8 Nxg4 61. Kd5 Kxf5 62. Ne7+ Kf4 63. Ke6 Ke4 64. Nf5 Kf3 65. Nd4+ Ke3 66.
Nf5+ Ke4 67. Ng3+ Kf3 68. Nh5 Ke4 69. Ng3+ Kf4 70. Ne2+ Ke3 71. Ng3 Kf3 72. Nh5
Kg2 73. Ng7 Kg3 74. Nf5+ Kh3 75. Nd4 Kh4 76. Kf7 Kh3 77. Nf5 Kg2 78. Ke6 Kf2
79. Ng7 Ke2 80. Nf5 Ne3 81. Kxf6 g4 1/2-1/2

[Event "tm FRA 1st"]
[Site "France"]
[Date "1999.??.??"]
[Round "10"]
[White "Mensch, Etienne"]
[Black "Eustache, Boris"]
[Result "1/2-1/2"]
[WhiteElo "2249"]
[BlackElo "2100"]
[Annotator "Strasbourg-Paris CAISSA"]
[PlyCount "69"]
[EventDate "1999.??.??"]

1. d4 d5 2. c4 e6 3. Nc3 Be7 4. Nf3 Nf6 5. cxd5 exd5 6. Bg5 Nbd7 7. e3 Nf8 8.
Bd3 Ne6 9. Bh4 O-O 10. Qc2 g6 11. h3 c5 12. dxc5 Nxc5 13. Nd4 Be6 14. Rd1 Rc8
15. Qe2 Nfe4 16. Bxe4 Bxh4 17. Bf3 Qb6 18. O-O Ne4 19. Bxe4 dxe4 20. Nxe6 Qxe6
21. Rd4 Bf6 22. Rxe4 Qc6 23. Rb4 Bxc3 24. bxc3 Rfd8 25. Rd1 Rxd1+ 26. Qxd1 Qa6
27. Qd7 Rxc3 28. Rxb7 Qf6 29. Qe8+ Kg7 30. Rb8 Rc1+ 31. Kh2 Qxf2 32. Qf8+ Kf6
33. Qd6+ Kg7 34. Qf8+ Kf6 35. Qd6+ 1/2-1/2

[Event "tm FRA 1st"]
[Site "France"]
[Date "1999.??.??"]
[Round "10"]
[White "Plantet, Sebastien"]
[Black "Roos, Jean-Luc"]
[Result "0-1"]
[WhiteElo "2153"]
[BlackElo "2321"]
[Annotator "Paris CAISSA-Strasbourg"]
[PlyCount "149"]
[EventDate "1999.??.??"]

1. c4 e5 2. Nc3 Nf6 3. Nf3 Nc6 4. g3 d5 5. cxd5 Nxd5 6. Bg2 Nb6 7. O-O Be7 8.
d3 O-O 9. Be3 Be6 10. Na4 Bd5 11. Bc5 Nd4 12. Bxe7 Qxe7 13. Nxb6 Bxf3 14. Nd5
Qd6 15. Bxf3 Nxf3+ 16. exf3 Qxd5 17. Qe2 Rad8 18. Rfc1 c5 19. Rc3 b6 20. a3 a5
21. Re1 Rfe8 22. Qe4 Qe6 23. Rc4 f5 24. Qe3 Qd5 25. Rc3 h6 26. Qe2 Kf8 27. Qc2
Rd6 28. Re3 Qf7 29. Qe2 Rde6 30. Rc1 R6e7 31. Re1 Qf6 32. Qc2 Qd6 33. Qb3 g5
34. Qc2 Kg7 35. Qe2 Kf6 36. Kg2 Qd5 37. Kg1 Re6 38. Rc1 Rd8 39. Rc3 Qa2 40. Qc2
Rd4 41. Re1 Qd5 42. Qe2 Rd6 43. f4 gxf4 44. Qh5 fxg3 45. Qxh6+ Ke7 46. Qg7+ Kd8
47. hxg3 e4 48. dxe4 Rxe4 49. Rce3 Rde6 50. Rxe4 Rxe4 51. Rxe4 Qxe4 52. Qg5+
Kc7 53. Qd2 Kc6 54. Qc3 b5 55. Qxa5 Qb1+ 56. Kg2 Qxb2 57. Qa8+ Kc7 58. Qa7+ Kd6
59. Qb8+ Kd5 60. Qg8+ Kc6 61. Qe6+ Kc7 62. Qxf5 c4 63. g4 c3 64. Qe5+ Kb6 65.
g5 Qxa3 66. Qb8+ Ka5 67. Qc7+ Kb4 68. g6 Qa8+ 69. Kg3 Qd5 70. Qe7+ Kb3 71. Qf7
Qxf7 72. gxf7 c2 73. f8=Q c1=Q 74. f4 b4 75. f5 0-1

[Event "tm FRA 1st"]
[Site "France"]
[Date "1999.??.??"]
[Round "10"]
[White "Chapelle, Emilie"]
[Black "Chaude de Silans, Chantal"]
[Result "1-0"]
[WhiteElo "2011"]
[BlackElo "1900"]
[Annotator "Strasbourg-Paris CAISSA"]
[PlyCount "71"]
[EventDate "1999.??.??"]

1. d4 Nf6 2. c4 c5 3. d5 e6 4. Nc3 exd5 5. cxd5 d6 6. e4 g6 7. f4 Bg7 8. Bb5+
Nfd7 9. Nf3 O-O 10. Bd3 a6 11. O-O b5 12. Kh1 Re8 13. f5 Nf8 14. Ng5 Ra7 15.
Qf3 Nbd7 16. fxg6 Ne5 17. gxf7+ Rxf7 18. Nxf7 Nxf3 19. Nxd8 Ne5 20. Bxb5 axb5
21. Nc6 Ba6 22. Re1 b4 23. Nd1 Nd3 24. Re3 Nxc1 25. Rxc1 Bh6 26. Rg3+ Ng6 27.
Ne3 Rxe4 28. Re1 Bg7 29. b3 Bc3 30. Rd1 Be2 31. Rc1 Bd2 32. Rc2 Bxe3 33. Rxe2
Rf4 34. Rf3 Rxf3 35. gxf3 Bf4 36. Ne7+ 1-0

[Event "tm FRA 1st"]
[Site "France"]
[Date "1999.??.??"]
[Round "10"]
[White "Khenkin, Igor"]
[Black "Magem Badals, Jordi"]
[Result "1-0"]
[WhiteElo "2641"]
[BlackElo "2557"]
[Annotator "Nancy-Orange"]
[PlyCount "125"]
[EventDate "1999.??.??"]

1. d4 d5 2. c4 dxc4 3. Nf3 Nf6 4. e3 e6 5. Bxc4 c5 6. O-O Nc6 7. Qe2 cxd4 8.
Rd1 Be7 9. Nxd4 Nxd4 10. exd4 Bd7 11. Nc3 Bc6 12. d5 exd5 13. Nxd5 Nxd5 14.
Bxd5 Bxd5 15. Qb5+ Qd7 16. Rxd5 Qxb5 17. Rxb5 O-O-O 18. Be3 Kb8 19. g4 a6 20.
Rf5 f6 21. Kg2 g6 22. Rf4 h5 23. h3 hxg4 24. hxg4 Rd5 25. Re1 Re5 26. Rc4 Rc8
27. Rec1 Rxc4 28. Rxc4 Bd6 29. Kf3 Rb5 30. b3 f5 31. gxf5 gxf5 32. Bf4 Bxf4 33.
Kxf4 Rd5 34. Rc2 b5 35. Kg5 Kb7 36. f4 b4 37. Kf6 Kb6 38. Ke6 Ra5 39. Kd6 Kb7
40. Rc4 Rxa2 41. Rxb4+ Ka7 42. Rd4 Re2 43. Rd5 Re3 44. Rxf5 Rxb3 45. Rd5 Kb6
46. f5 Rf3 47. Ke6 a5 48. f6 a4 49. f7 a3 50. Rd3 Rxd3 51. f8=Q Kb5 52. Qf1 Kc4
53. Ke5 Kc3 54. Qc1+ Kb4 55. Ke4 Rc3 56. Qb1+ Rb3 57. Qe1+ Ka4 58. Qe2 Rb2 59.
Qa6+ Kb3 60. Kd3 a2 61. Qb5+ Ka3 62. Qa5+ Kb3 63. Qc3+ 1-0

[Event "tm FRA 1st"]
[Site "France"]
[Date "1999.??.??"]
[Round "10"]
[White "Arkell, Keith"]
[Black "Lepelletier, Benoit"]
[Result "1-0"]
[WhiteElo "2438"]
[BlackElo "2456"]
[Annotator "Nancy-Orange"]
[PlyCount "99"]
[EventDate "1999.??.??"]

1. d4 e6 2. c4 Bb4+ 3. Bd2 Bxd2+ 4. Qxd2 f5 5. Nc3 Nf6 6. g3 d6 7. Bg2 O-O 8.
e4 fxe4 9. Nxe4 Nc6 10. Ne2 e5 11. O-O Bg4 12. Nxf6+ Qxf6 13. f3 Bh5 14. dxe5
dxe5 15. f4 Kh8 16. fxe5 Qxe5 17. Nf4 Bf7 18. Nd5 Bg8 19. Rxf8 Rxf8 20. Re1 Qd6
21. Qe3 Rf5 22. Qa3 Qxa3 23. bxa3 Re5 24. Rf1 g6 25. Rf8 Re1+ 26. Bf1 Nd4 27.
Rc8 Kg7 28. Rxc7+ Bf7 29. Rxb7 Ra1 30. Nc3 Kf6 31. Kf2 Be6 32. Bd3 Rc1 33. Ne2
Nxe2 34. Bxe2 a5 35. Ke3 Rc2 36. Rb6 h5 37. Bd3 Rxa2 38. Bxg6 Kxg6 39. Rxe6+
Kf5 40. Ra6 Rxa3+ 41. Kd4 Ra2 42. h3 Ra3 43. g4+ hxg4 44. hxg4+ Kxg4 45. Kc5
Kf5 46. Kb5 Rc3 47. c5 Ke5 48. Rxa5 Kd5 49. Kb6 Ke6 50. Kc6 1-0

[Event "tm FRA 1st"]
[Site "France"]
[Date "1999.??.??"]
[Round "10"]
[White "Goldgewicht, Lionel"]
[Black "Nezar, Mustapha"]
[Result "1/2-1/2"]
[WhiteElo "2353"]
[BlackElo "2275"]
[Annotator "Orange-Nancy"]
[PlyCount "81"]
[EventDate "1999.??.??"]

1. e4 c5 2. c3 d6 3. d4 cxd4 4. cxd4 Nf6 5. Nc3 e6 6. Bd3 Nc6 7. Nf3 Be7 8. O-O
O-O 9. a3 h6 10. d5 exd5 11. exd5 Ne5 12. Be2 Nxf3+ 13. Bxf3 Bf5 14. Be3 Nd7
15. Nb5 a6 16. Nd4 Bg6 17. Rc1 Bf6 18. b4 Rc8 19. Qb3 Re8 20. h3 Bg5 21. Ne6
Qe7 22. Nxg5 hxg5 23. Bg4 f5 24. Bd1 f4 25. Bd2 Rxc1 26. Bxc1 Ne5 27. Bc2 Bxc2
28. Qxc2 Qf7 29. Qb3 b5 30. f3 Nc4 31. Qd3 Re5 32. Rd1 Nb6 33. Qc3 Rxd5 34.
Rxd5 Qxd5 35. Bb2 Qf7 36. Qc6 Nc4 37. Bd4 Qe7 38. Qxa6 Qe1+ 39. Kh2 Qg3+ 40.
Kh1 Qe1+ 41. Kh2 1/2-1/2

[Event "tm FRA 1st"]
[Site "France"]
[Date "1999.??.??"]
[Round "10"]
[White "Philippe, Christophe"]
[Black "Ochoa de Echeguen, Javier"]
[Result "0-1"]
[WhiteElo "2254"]
[BlackElo "2435"]
[Annotator "Nancy-Orange"]
[PlyCount "76"]
[EventDate "1999.??.??"]

1. e4 c5 2. Nf3 Nc6 3. Nc3 Nf6 4. d4 cxd4 5. Nxd4 e5 6. Ndb5 d6 7. Bg5 a6 8.
Na3 b5 9. Bxf6 gxf6 10. Nd5 Bg7 11. c3 f5 12. exf5 Bxf5 13. Nc2 O-O 14. Nce3
Be6 15. g4 e4 16. Bg2 Qh4 17. Bxe4 f5 18. Bxf5 Bxf5 19. gxf5 Rae8 20. Qc2 b4
21. O-O-O bxc3 22. bxc3 Rc8 23. Rhg1 Kh8 24. Rg4 Qh6 25. Rdg1 Nd4 26. Qd3 Nxf5
27. f4 Nxe3 28. Qxe3 Rf7 29. R1g3 Qxh2 30. Qe6 Rcf8 31. Qxd6 Re8 32. Rg1 Qxa2
33. R4g2 Qa1+ 34. Kc2 Qa4+ 35. Kd2 Rd7 36. Qc5 Qxf4+ 37. Kd1 Qf3+ 38. Kc2 Rxd5
0-1

[Event "tm FRA 1st"]
[Site "France"]
[Date "1999.??.??"]
[Round "10"]
[White "Guidarelli, Laurent"]
[Black "Zawadski, Stephane"]
[Result "1-0"]
[WhiteElo "2272"]
[BlackElo "2200"]
[Annotator "Orange-Nancy"]
[PlyCount "75"]
[EventDate "1999.??.??"]

1. d4 d5 2. Nf3 Nf6 3. c3 c6 4. Bf4 Bf5 5. e3 e6 6. Be2 h6 7. Nbd2 Nbd7 8. Ne5
Nxe5 9. Bxe5 Nd7 10. Bg3 Be7 11. O-O O-O 12. f3 Nf6 13. Be5 Nd7 14. e4 Nxe5 15.
exf5 Nd7 16. fxe6 fxe6 17. f4 Bd6 18. g3 c5 19. Bg4 Rf6 20. Re1 Nf8 21. Nf3 Qc7
22. Kh1 Rd8 23. Rc1 Qb6 24. Rc2 cxd4 25. cxd4 a5 26. Re3 Bb8 27. Rb3 Qa7 28. a4
Bd6 29. Rb5 Rf7 30. Qe1 Bb4 31. Qe3 Re7 32. Ne5 Qa6 33. Nd3 Nd7 34. Rc7 Nf6 35.
Rxe7 Bxe7 36. Qxe6+ Kf8 37. Rxb7 Qxe6 38. Bxe6 1-0

[Event "tm FRA 1st"]
[Site "France"]
[Date "1999.??.??"]
[Round "10"]
[White "Spielmann, Alain"]
[Black "Brochet, Philippe"]
[Result "1-0"]
[WhiteElo "2252"]
[BlackElo "2351"]
[Annotator "Nancy-Orange"]
[PlyCount "139"]
[EventDate "1999.??.??"]

1. d4 Nc6 2. c4 e5 3. e3 exd4 4. exd4 d5 5. Nf3 Bg4 6. cxd5 Qxd5 7. Be2 O-O-O
8. Nc3 Qh5 9. O-O Bd6 10. h3 Nf6 11. Nb5 Bxf3 12. Nxd6+ Rxd6 13. Bxf3 Qb5 14.
Bf4 Rd7 15. d5 Rhd8 16. dxc6 Rxd1 17. cxb7+ Kb8 18. Rfxd1 Nd5 19. a4 Qc4 20.
Bg3 Kxb7 21. Rac1 Qb3 22. Rxc7+ Kb6 23. a5+ Kxa5 24. Rc5+ Kb6 25. Rcxd5 Rxd5
26. Rxd5 Qxb2 27. Rd7 Qa1+ 28. Kh2 f5 29. Rb7+ Kc5 30. Rc7+ Kb4 31. Rb7+ Kc5
32. Bf4 a5 33. Rf7 g6 34. Rxh7 a4 35. Rc7+ Kb5 36. Rc1 Qf6 37. Rb1+ Kc4 38.
Rc1+ Kb3 39. Rb1+ Kc2 40. Rc1+ Kb3 41. Rb1+ Kc2 42. Re1 a3 43. Bd1+ Kd3 44.
Re3+ Kc4 45. Rxa3 g5 46. Be2+ Kb4 47. Ra6 Qd4 48. Be3 Qe5+ 49. Kg1 f4 50. Bd2+
Kb3 51. Bf1 Qd5 52. Ba5 Kc2 53. Bb6 Kd2 54. Ra5 Qe6 55. Rb5 g4 56. hxg4 Qxg4
57. Bc5 Qg6 58. Ba7 f3 59. g3 Qe4 60. Be3+ Kc3 61. Rc5+ Kb2 62. Rc4 Qd5 63. Rd4
Qa8 64. Rf4 Kc2 65. Bh3 Kd1 66. Bg4 Ke1 67. Bxf3 Qg8 68. Kg2 Qg5 69. Rd4 Qxe3
70. Rd1# 1-0